书目信息 |
| 题名: |
外国手风琴曲选
|
|
| 作者: | 孟荣升 编 | |
| 分册: | 四 | |
| 出版信息: | 北京 人民音乐出版社 1986 |
|
| 页数: | 81页 | |
| 开本: | 26cm | |
| 丛书名: | ||
| 单 册: | ||
| 中图分类: | J657.43 | |
| 科图分类: | ||
| 主题词: | 外国音乐--作品 , 音乐--各国--作品 | |
| 电子资源: | ||
| ISBN: | ||
| 000 | 00570nam0 2200205 45 | |
| 001 | 0312221749 | |
| 005 | 20040510154353.5 | |
| 010 | @dCNY1.90 | |
| 100 | @a20031222d1986 km y0chiy0120 ea | |
| 101 | @achi | |
| 105 | @a z 000yy | |
| 200 | 1 | @a外国手风琴曲选@h四@h波尔卡专辑@AWai Guo Shou Feng Qin Qu Xuan@f孟荣升编@FMeng Rong Sheng Bian |
| 210 | @a北京@c人民音乐出版社@d1986 | |
| 215 | @a81页@d26cm | |
| 606 | 0 | @a外国音乐@x作品 |
| 606 | 0 | @a音乐@y各国@x作品 |
| 690 | @aJ657.43@v3 | |
| 701 | 0 | @a孟荣升@4编 |
| 801 | @aCN@bTSTCL@c20031222 | |
| 905 | @dJ657.43@e147:4 | |
| 外国手风琴曲选.四.波尔卡专辑/孟荣升编.-北京:人民音乐出版社,1986 |
| 81页;26cm |
| ISBN :CNY1.90 |
| ● |
| 相关链接 |
|
|
|
|
正题名:外国手风琴曲选
索取号:J657.43/147:4
 
预约/预借
| 序号 | 登录号 | 条形码 | 馆藏地/架位号 | 状态 | 备注 |
| 1 | 0219449 | 001225221 | 第一借阅区/ [索取号:J657.43/147:4] | 在馆 | |
| 2 | 0219450 | 001225267 | 第一样本阅览室/ [索取号:J657.43/147:4] | 在馆 |